|
|
|
|
| LEADER |
00000nab a2200000uu 4500 |
| 001 |
vtls011538925 |
| 003 |
SK-MaSNL |
| 005 |
20260303154516.0 |
| 008 |
230222|2010 xo |||||||||||||||||eng| |
| 015 |
|
|
|a SNBRB
|
| 035 |
|
|
|a (urnnbn)urn:nbn:sk:snk:ar-a09p96
|
| 035 |
|
|
|a (uuid)2a874002-a424-403f-bb56-86cbbd1e3929
|
| 035 |
|
|
|a urn:nbn:sk:snk-abexin
|
| 040 |
|
|
|a SNKBUCL
|b slo
|c SNKBUCL
|e AACR2
|
| 041 |
0 |
|
|a eng
|
| 044 |
|
|
|a xo
|c SK
|
| 100 |
1 |
|
|a Hamar, Imre
|4 aut
|9 1177274
|
| 245 |
1 |
0 |
|a An Ideal Scholar-Monk: Chengguan
|c Imre Hamar
|
| 773 |
0 |
|
|t Studia orientalia Slovaca
|g Roč. 9, č. 1 (2010), s. [71]-82
|
| 958 |
|
|
|a OND
|
| 958 |
|
|
|a EUIPO
|
| 958 |
|
|
|a article22
|
| 999 |
|
|
|c 2034713
|d 2036643
|